000 00854nam a2200289 a 4500
999 _c893
_d893
008 191107r20082012ii a|||g |||| 001 0 eng d
020 _a9780070667174
_cRs. 645.00
040 _aKO
_beng
041 0 _aeng
044 _aii
082 0 4 _223
_a620.11
_bSm511
100 1 _aSmith, William F.
245 1 0 _aMaterials Science and Engineering :
_bIn SI Units /
_cWilliam F. Smith, Javad Hashemi, Ravi Prakash
250 _a4th ed.
260 _aNew Delhi :
_bTata McGraw Hill Education Private Limited,
_c2008, reprinted 2012
300 _axxii, 942 p. :
_bill. ;
_c24 cm.
504 _aIncludes index.
650 0 _aMaterials Science
_vTextbooks
650 0 _aSolids
650 0 _aComposite materials
650 0 _aMetals
_xAlloys
700 1 _aHashemi, Javad
_eaut
700 1 _aPraksh, Ravi
_eaut
904 _aS_JOY
942 _cBK